| 000 | 00728nam a2200205 4500 | ||
|---|---|---|---|
| 001 | 111990 | ||
| 003 | ES-MaACL | ||
| 005 | 20250813050619.0 | ||
| 007 | t| | ||
| 008 | 061121s1982 sp r ||||1| spa d | ||
| 100 | 1 |
_aNewton, Isaac _cSir. _985508 |
|
| 245 | 1 | 0 |
_aOptica o Tratado de las reflexiones, refracciones, inflexiones y colores de la luz / _cIsaac Newton; introducción, traducción, notas e índice analítico: Carlos Solís. |
| 260 |
_aMadrid : _bAlfaguara, _c1977. |
||
| 300 |
_aCXXI, 454 p. : _bil. ; _c20 cm. |
||
| 490 | 1 | _aClásicos alfaguara | |
| 700 | 1 |
_aSolís Santos, Carlos, _d1945- _9107220 |
|
| 830 | 0 |
_aClásicos alfaguara _9178833 |
|
| 852 |
_aES-MaACL _jA-8519 _bR.97086 |
||
| 999 |
_c111990 _d111990 |
||